Hello in all languages - Statistics

General Stats
  • This quiz has been taken 149 times
    137 since last reset
  • The average score is 19 of 68
Answer Stats
Languages Answer % Correct
English Hello
97%
Cebuano Hello
97%
Hungarian Hello
97%
Malay Hello
97%
Afrikaans Hallo
77%
Dutch Hallo
77%
Frisian Hallo
77%
German Hallo
77%
Icelandic Hallo
77%
Catalan Hola
74%
Spanish Hola
74%
Chinese Nihao
71%
Japanese Konnichiwa
66%
Haitian Creole Bonjou
64%
French Bonjour
54%
Italian Ciao
50%
Galician Ola
44%
Portugese Ola
44%
Russian Privet
42%
Indonesian Halo
39%
Javanese Halo
39%
Danish Hej
39%
Azerbaijani Salam
35%
Kyrgyz Salam
35%
Gujarati Namaste
32%
Hindi Namaste
32%
Finnish Hei
31%
Norwegian Hei
31%
Hawaiian Aloha
30%
Turkish Merhaba
24%
Czech Ahoj
20%
Slovak Ahoj
20%
Bosnian Zdravo
18%
Croatian Zdravo
18%
Latin Salve
10%
Irish Dia Dhuit
8%
Polish dzien dobry
7%
Estonian Tere
7%
Albanian Pershendetje
5%
Thai Swasdi
5%
Georgian Gamarjoba
4%
Latvian Sveiki
4%
Arabic Ahlan
3%
Mario Its a me mario
3%
Basque Kaixo
3%
Esperanto Saluton
3%
Hausa Sannu
3%
Corsican Bonghjornu
2%
Belarusian dobrydzien
2%
Bengali Hyalo
2%
Kannada Namaskara
2%
Igbo Nnoo
2%
Hmong Nyob Zoo
2%
Laos Sabaidi
2%
Kurdish Slav
2%
Burmese maingalarpar
1%
Cat Language Meow Meow Mow
1%
Chichewa Moni
1%
Kinyarwanda Muraho
1%
Mongolian Sain uu
1%
Kazakh Salemetsizbe
1%
Pirate Ship Ahoy Ya
1%
Khmer Suostei
1%
Bulgarian Zdraveite
1%
Korean Annyeonghasibnikka
0%
Greek Geia Sas
0%
Filipino Kamasta
0%
Amharic Selami
0%
No matching quizzes found
Score Distribution
Percent of People with Each Score
Percentile by Number Answered
Your Score History
You have not taken this quiz since the last reset